01014nam a2200181 a 4500001001000000005001700010008004100027050002800068245017600096260015100272300003200423500012400455546004400579650004400623650005300667740005300720740005900773BRCA_102220190320203239.0111105s2002----mx-a---###---#000-0#spa-d 4aNC1807.M4b.B54 7c200210a7 [i.e. Séptima] Bienal Internacional del Cartel en México = Siódme Miedzynarodowe Biennale Plakatu Meksyku = Seventh International Biennial of the Poster in Mexico. aMéxicobFonda Nacional para la Cultura y las Artes : Trama Visual AC : UAM : Ministerio de Cultura de la República de Polonia : ICOGRODAc2002 a202 p.bil. a colorc30 cm. aCatálogo de la exposición realizada en el Museo Franz Mayer (Ciudad de México), 28 octubre, 2002 - 30 enero, 2003 aTexto en : español, inglés y polaco14aCartelesvConcursosxDiseñozMéxico14aDiseñadores gráficosvExposicioneszMéxico0 aSiódme Miedzynarodowe Biennale Plakatu Meksyku0 aSeventh International Biennial of the Poster in Mexico